Les expressions françaises avec significations - Statistiques

Statistiques générales
  • Ce quiz a été pris 249 fois
  • Le résultat moyen est 19 sur 40
Statistiques - réponses
Hint Réponse % Correct
Tomber dans les pommes S'évanouir
86%
Les doigts dans le nez Facilement
83%
Être rond comme une queue de pelle Être saoul
77%
Avoir le cul bordé de nouilles Avoir de la chance
75%
Sur le champ Tout de suite
75%
Être au taquet Aller a fond
72%
Tomber des nues Être très surpris
71%
Le dindon de la farce Personne qui se fais duper
69%
Être fleur bleue Être naïvement romantique
68%
Toucher du bois Conjurer le mauvais sort
66%
Un éléphant dans un magasin de porcelaine Être maladroit
66%
Un de ces quatre Tôt ou tard
66%
Comme cul et chemise Très complice
65%
Poser un lapin Se défausser d'un rendez-vous
63%
Péter plus haut que son cul Agir prétentieusement
60%
Casser sa pipe Mourir
53%
Avoir un polichinelle dans le tiroir Être enceinte
48%
Pisser dans un violon Faire quelque chose d'inutile
48%
Larmes de crocodiles Regrets hypocrites
48%
Avoir un coeur d'un artichaut Tomber facilement amoureux
48%
A tire-larigot En grande quantité
45%
Être soupe au lait Personne a caractère colérique
45%
Ne pas être sorti de l'auberge Ne pas être hors d'ennui
42%
Se croire sorti de la cuisse de Jupiter Être imbu de soi même
41%
Aller a vau-l'eau Aller à sa perte
39%
Avoir les dents longues Être ambitieux
39%
Un ours mal laché Personne peu social
39%
Être une ardoise Avoir des dettes
36%
Se mettre la rate au court-bouillon Se faire du souci
36%
La semaine des quatre jeudis Jamais
33%
Voir midi à sa porte Faire en fonction de ses propres intérêts
32%
Peigner la girafe Faire un travail long et inutile
30%
Brûler la chandelle par les deux bouts Gaspiller
21%
Prendre des vessies pour des lanternes Se tromper dans son jugement
21%
A la mord moi le nœud Peu sérieuse
19%
Arlésienne Personne qui n'arrive jamais
18%
Tirer le diable par la queue Vivre avec des ressources insuffisantes
17%
Jeter le bébé avec l'eau du bain Perdre de vue l'essentiel
15%
Comme un pet sur une toile cirée Très vite
12%
Gros-Jean comme devant Se retrouver sans rien
11%
Aucun quiz correspondant
Distribution des résultats
% des personnes avec chaque résultat
Percentile par nombre de réponses
Votre historique - résultats
Vous n’avez pas pris ce quiz